000
00300nam a22001337a 4500
008
170928b xxu||||| |||| 00| 0 eng d
020
_a
9781571100894
041
_a
eng
080
_a
37
100
_a
47
101
_a
EDU
245
_a
I READ IT BUT DONT GETIT
_c
TOVANI.C
942
_2
udc
_c
BK
999
_c
30543
_d
30543